000 00878cam a22002891 4500
001 9891121
003 OSt
005 20230620143113.0
008 731213s1967 enka b 000 0 eng
010 _a 67104163
015 _aB67-18364
035 _a(OCoLC)759407
040 _aDLC
_cMeU-P
_dOCoLC
_dUk
_dDLC
042 _apremarc
082 _a323.147
_bCON
100 1 _aConquest, Robert.
245 1 0 _aSoviet nationalities policy in practice,
_cedited by Robert Conquest.
260 _aLondon,
_aSydney [etc.]
_bBodley Head,
_c1967.
300 _a160 p.
_btables
_c23 cm.
490 1 _aHis Soviet studies series
504 _aBibliography: p. 152-160.
650 0 _aMinorities
_zSoviet Union.
650 0 _aNationalism and socialism.
800 1 _aConquest, Robert.
_tSoviet studies series.
906 _a7
_bcbc
_coclcrpl
_du
_encip
_f19
_gy-gencatlg
942 _2ddc
_cBK
999 _c1789
_d1789